[Event "SVK-chT2A 1920"]
[Site "Slovakia"]
[Date "2019.11.17"]
[Round "4.3"]
[White "Fabry, Robert"]
[Black "Pericka, Tomas"]
[Result "1/2-1/2"]
[WhiteElo "2089"]
[BlackElo "1949"]
[PlyCount "28"]
[EventDate "2019.10.26"]
[EventType "team-tourn"]
[EventRounds "11"]
[EventCountry "SVK"]
[SourceTitle "CBM 193 Extra"]
[Source "ChessBase"]
[SourceDate "2020.01.31"]
[SourceVersion "1"]
[SourceVersionDate "2020.01.31"]
[SourceQuality "1"]
[WhiteTeam "Bratislava Slovan IV"]
[BlackTeam "Osuske II"]
[WhiteTeamCountry "SVK"]
[BlackTeamCountry "SVK"]

1. e4 c5 2. Nf3 Nc6 3. d4 cxd4 4. Nxd4 g6 5. Nc3 Bg7 6. Be3 Nf6 7. Be2 0-0 8. 0-0 d5 9. exd5 Nb4 10. Qd2 Nbxd5 11. Nxd5 Nxd5 12. Bh6 Bxh6 13. Qxh6 Qb6 14. Nb3 Bf5 1/2-1/2

[Event "SVK-chT2A 1920"]
[Site "Slovakia"]
[Date "2019.10.26"]
[Round "1.4"]
[White "Bango, Lukas"]
[Black "Fabry, Robert"]
[Result "1-0"]
[WhiteElo "2200"]
[BlackElo "2103"]
[PlyCount "125"]
[EventDate "2019.10.26"]
[EventType "team-tourn"]
[EventRounds "11"]
[EventCountry "SVK"]
[SourceTitle "CBM 193 Extra"]
[Source "ChessBase"]
[SourceDate "2020.01.31"]
[SourceVersion "1"]
[SourceVersionDate "2020.01.31"]
[SourceQuality "1"]
[WhiteTeam "Trnava Sered"]
[BlackTeam "Bratislava Slovan IV"]
[WhiteTeamCountry "SVK"]
[BlackTeamCountry "SVK"]

1. Nf3 Nf6 2. g3 d5 3. Bg2 g6 4. 0-0 Bg7 5. d4 0-0 6. c4 c6 7. cxd5 cxd5 8. Nc3 Nc6 9. Bf4 Nh5 10. Ne5 Nxf4 11. gxf4 e6 12. e3 Ne7 13. Rc1 Nf5 14. Ne2 Re8 15. Qc2 f6 16. Nf3 Bd7 17. Qb3 Bc6 18. Rc3 Bf8 19. Nc1 Nd6 20. Nd2 Bb5 21. Nd3 Bc4 22. Qa4 Nb5 23. Rxc4 dxc4 24. Nxc4 Nd6 25. Nxd6 Bxd6 26. Bxb7 Rb8 27. Bg2 Qb6 28. Rc1 Red8 29. Qc4 Kf7 30. d5 exd5 31. Qxd5+ Ke7 32. Rc6 Qb5 33. Qd4 Rd7 34. Nc5 Bxc5 35. Qxf6+ Ke8 36. Re6+ Be7 37. Rxe7+ Rxe7 38. Bc6+ Qxc6 39. Qxc6+ Kf7 40. Qd5+ Kg7 41. e4 Rf8 42. Qd4+ Kh6 43. f5 Ref7 44. f6 Rxf6 45. Qxa7 g5 46. Qe3 Rf3 47. Qd2 R8f4 48. Qe2 Rf7 49. a4 g4 50. a5 Re7 51. b4 Rf4 52. Qd2 Rexe4 53. a6 Rxb4 54. a7 Ra4 55. a8Q Rxa8 56. Qxf4+ Kh5 57. Qf5+ Kh4 58. Qxh7+ Kg5 59. Qe7+ Kh5 60. h4 gxh3 61. Qe5+ Kh6 62. Qe3+ Kg7 63. Qc3+ 1-0

[Event "SVK-chT2A 1819"]
[Site "Slovakia"]
[Date "2019.03.02"]
[Round "8.5"]
[White "Fabry, Robert"]
[Black "Manak, Jozef"]
[Result "1-0"]
[WhiteElo "2119"]
[BlackElo "1969"]
[PlyCount "66"]
[EventDate "2018.10.13"]
[EventType "team-tourn"]
[EventRounds "11"]
[EventCountry "SVK"]
[SourceTitle "EXT 2020"]
[Source "ChessBase"]
[SourceDate "2019.10.17"]
[SourceVersion "1"]
[SourceVersionDate "2019.10.17"]
[SourceQuality "1"]
[WhiteTeam "Bratislava Slovan IV"]
[BlackTeam "Piestany Kupele"]
[WhiteTeamCountry "SVK"]
[BlackTeamCountry "SVK"]

1. e4 c5 2. Nf3 d6 3. d4 cxd4 4. Nxd4 Nf6 5. Nc3 a6 6. Be2 e6 7. Bg5 Be7 8. Qd2 Nbd7 9. 0-0-0 Qc7 10. Bf3 Ne5 11. Be2 Bd7 12. f4 Nc6 13. Nf3 h6 14. Bh4 g5 15. fxg5 Ng4 16. g6 fxg6 17. Bxe7 Kxe7 18. Rhf1 Nge5 19. Nxe5 Nxe5 20. Rf2 b5 21. a3 Rac8 22. Rdf1 Be8 23. Rf6 Bf7 24. Qf4 Rh7 25. Qh4 Ke8 26. Bg4 Kd7 27. Bxe6+ Bxe6 28. Rxe6 g5 29. Qh3 g4 30. Qh5 Qc5 31. Qf5 Qe3+ 32. Kb1 Nc4 33. Qxh7+ Kxe6 1-0

[Event "SVK-chT2A 1718"]
[Site "Slovakia"]
[Date "2018.01.14"]
[Round "6.4"]
[White "Fabry, Robert"]
[Black "Kosnac, Patrik"]
[Result "1-0"]
[WhiteElo "2097"]
[BlackElo "1968"]
[PlyCount "29"]
[EventDate "2017.10.28"]
[EventType "team-tourn"]
[EventRounds "11"]
[EventCountry "SVK"]
[SourceTitle "EXT 2019"]
[Source "ChessBase"]
[SourceDate "2018.10.10"]
[SourceVersion "1"]
[SourceVersionDate "2018.10.10"]
[SourceQuality "1"]
[WhiteTeam "Bratislava Slovan IV"]
[BlackTeam "Bratislava Doprastav II"]
[WhiteTeamCountry "SVK"]
[BlackTeamCountry "SVK"]

1. e4 e6 2. d4 d5 3. Nc3 Nf6 4. Bg5 Be7 5. e5 Nfd7 6. h4 0-0 7. Qg4 Kh8 8. Nf3 c5 9. Bd3 cxd4 10. Bxh7 g6 11. h5 Nxe5 12. Nxe5 Bxg5 13. hxg6 Qf6 14. Nxf7+ Kg7 15. Ne2 1-0

[Event "SVK-chT2A 1617"]
[Site "Slovakia"]
[Date "2017.03.12"]
[Round "11.6"]
[White "Fabry, Robert"]
[Black "Helbich, Branislav"]
[Result "1/2-1/2"]
[WhiteElo "2077"]
[BlackElo "1970"]
[PlyCount "106"]
[EventDate "2016.10.08"]
[EventType "team-tourn"]
[EventRounds "11"]
[EventCountry "SVK"]
[SourceTitle "EXT 2018"]
[Source "ChessBase"]
[SourceDate "2017.10.13"]
[SourceVersion "1"]
[SourceVersionDate "2017.10.13"]
[SourceQuality "1"]
[WhiteTeam "Bratislava Slovan IV"]
[BlackTeam "Bratislava Doprastav II"]
[WhiteTeamCountry "SVK"]
[BlackTeamCountry "SVK"]

1. Nf3 Nf6 2. b3 d5 3. Bb2 c5 4. e3 Nc6 5. d4 e6 6. Be2 b6 7. 0-0 Bb7 8. Nbd2 Bd6 9. Ne5 Qc7 10. f4 0-0 11. a3 Rac8 12. Bd3 Ne7 13. Qe2 Ne4 14. Bxe4 dxe4 15. Nec4 Rfd8 16. dxc5 Bxc5 17. Be5 Qc6 18. b4 b5 19. Na5 Qb6 20. bxc5 Qxa5 21. Nb3 Qa6 22. Rfc1 Bd5 23. a4 Bc4 24. Qe1 bxa4 25. Qb4 Nd5 26. Qxa4 Qxa4 27. Rxa4 Bb5 28. Rxe4 f6 29. Bd6 Nc3 30. Rb4 Ne2+ 31. Kf2 Nxc1 32. Rxb5 Nxb3 33. cxb3 Rd7 34. e4 f5 35. e5 Kf7 36. b4 Rc6 37. Rb8 a6 38. Ra8 Rb7 39. h3 Kg6 40. g4 Rxb4 41. Re8 fxg4 42. hxg4 Rxf4+ 43. Kg3 Rf7 44. Rxe6+ Kg5 45. Re8 Rb7 46. e6 Kf6 47. g5+ Kf5 48. e7 Ke6 49. Rg8 Rxe7 50. Bxe7 Kxe7 51. Rxg7+ Ke6 52. Rxh7 Kf5 53. Rh6 Rxc5 1/2-1/2

[Event "SVK-chT2A 1617"]
[Site "Slovakia"]
[Date "2016.11.06"]
[Round "4.5"]
[White "Fabry, Robert"]
[Black "Szitasi, Janos"]
[Result "1/2-1/2"]
[WhiteElo "2077"]
[BlackElo "1980"]
[PlyCount "24"]
[EventDate "2016.10.08"]
[EventType "team-tourn"]
[EventRounds "11"]
[EventCountry "SVK"]
[SourceTitle "CBM 175 Extra"]
[Source "ChessBase"]
[SourceDate "2016.12.12"]
[SourceVersion "1"]
[SourceVersionDate "2016.12.12"]
[SourceQuality "1"]
[WhiteTeam "Bratislava Slovan IV"]
[BlackTeam "Potonska Veza"]
[WhiteTeamCountry "SVK"]
[BlackTeamCountry "SVK"]

1. e4 c5 2. Nf3 Nc6 3. d4 cxd4 4. Nxd4 d6 5. c4 Nf6 6. Nc3 g6 7. Be2 Bg7 8. Be3 0-0 9. 0-0 Bd7 10. h3 a6 11. Rc1 Rc8 12. Qb3 Nxd4 1/2-1/2

[Event "SVK-chT1W 1617"]
[Site "Slovakia"]
[Date "2016.10.16"]
[Round "2.8"]
[White "Fabry, Robert"]
[Black "Kuna, Marian"]
[Result "1/2-1/2"]
[WhiteElo "2077"]
[BlackElo "1900"]
[PlyCount "60"]
[EventDate "2016.10.15"]
[EventType "team-tourn"]
[EventRounds "11"]
[EventCountry "SVK"]
[SourceTitle "CBM 175 Extra"]
[Source "ChessBase"]
[SourceDate "2016.12.12"]
[SourceVersion "1"]
[SourceVersionDate "2016.12.12"]
[SourceQuality "1"]
[WhiteTeam "Bratislava Slovan II"]
[BlackTeam "Nitra NSK"]
[WhiteTeamCountry "SVK"]
[BlackTeamCountry "SVK"]

1. e4 e6 2. d4 d5 3. Nc3 dxe4 4. Nxe4 Nd7 5. Nf3 Ngf6 6. Bd3 c5 7. 0-0 Nxe4 8. Bxe4 Nf6 9. Bd3 cxd4 10. Nxd4 Bc5 11. Nb3 Bb6 12. Qf3 Qd5 13. Qxd5 Nxd5 14. Bb5+ Bd7 15. Bxd7+ Kxd7 16. c4 Nb4 17. Bf4 Rhc8 18. Rfc1 Ke8 19. Rc3 Bc7 20. Bxc7 Rxc7 21. Nd4 Rd7 22. Nc2 Rad8 23. Ne3 Rd2 24. Rb3 Nc2 25. Rf1 Nxe3 26. fxe3 R8d7 27. Rf2 Rd1+ 28. Rf1 R1d2 29. Rf2 Rd1+ 30. Rf1 R1d2 1/2-1/2

[Event "SVK-chT1W 1617"]
[Site "Slovakia"]
[Date "2016.10.15"]
[Round "1.8"]
[White "Eremias, Igor"]
[Black "Fabry, Robert"]
[Result "0-1"]
[WhiteElo "1760"]
[BlackElo "2077"]
[PlyCount "110"]
[EventDate "2016.10.15"]
[EventType "team-tourn"]
[EventRounds "11"]
[EventCountry "SVK"]
[SourceTitle "CBM 175 Extra"]
[Source "ChessBase"]
[SourceDate "2016.12.12"]
[SourceVersion "1"]
[SourceVersionDate "2016.12.12"]
[SourceQuality "1"]
[WhiteTeam "Nitra ASK"]
[BlackTeam "Bratislava Slovan II"]
[WhiteTeamCountry "SVK"]
[BlackTeamCountry "SVK"]

1. d4 Nf6 2. Nf3 e6 3. e3 b6 4. c4 Bb7 5. Nc3 Be7 6. Be2 0-0 7. Bd2 c5 8. 0-0 d5 9. cxd5 exd5 10. Rc1 Nbd7 11. Qc2 Rc8 12. Qb3 c4 13. Qc2 a6 14. Rfd1 Re8 15. Be1 Bd6 16. h3 Nf8 17. b3 b5 18. a4 b4 19. Na2 c3 20. Bd3 Ng6 21. Qe2 Nf4 22. Qf1 Nxd3 23. Qxd3 Ne4 24. Rc2 Re6 25. Nc1 a5 26. Qf1 Bb8 27. g3 Ng5 28. Nxg5 Qxg5 29. f4 Qf5 30. Qd3 Qh5 31. Qe2 Qxh3 32. Nd3 Ba6 33. Qf2 Qg4 34. Rcc1 Bxd3 35. Rxd3 Rce8 36. Qc2 Rxe3 37. Rxe3 Rxe3 38. Bf2 Re2 39. Qd3 Bxf4 40. Re1 Rxe1+ 41. Bxe1 Bd6 42. Bf2 h5 43. Kf1 Qe4 44. Qxe4 dxe4 45. Ke2 h4 46. gxh4 Bf4 47. Kd1 e3 48. Be1 Kf8 49. h5 g6 50. d5 gxh5 51. Bh4 Ke8 52. Bf6 e2+ 53. Kxe2 c2 54. Bb2 c1Q 55. Bxc1 Bxc1 0-1

[Event "SVK-chT2A 1415"]
[Site "Slovakia"]
[Date "2015.03.08"]
[Round "11.4"]
[White "Fabry, Robert"]
[Black "Sosovicka, Matej"]
[Result "1/2-1/2"]
[WhiteElo "2129"]
[BlackElo "2155"]
[PlyCount "21"]
[EventDate "2014.10.11"]
[EventType "team-tourn"]
[EventRounds "11"]
[EventCountry "SVK"]
[SourceTitle "EXT 2016"]
[Source "ChessBase"]
[SourceDate "2015.10.08"]
[SourceVersion "1"]
[SourceVersionDate "2015.10.08"]
[SourceQuality "1"]
[WhiteTeam "Bratislava DP"]
[BlackTeam "Devinska Nova Ves II"]
[WhiteTeamCountry "SVK"]
[BlackTeamCountry "SVK"]

1. e4 c5 2. Nf3 d6 3. d4 cxd4 4. Nxd4 Nf6 5. Nc3 a6 6. Be2 e6 7. Be3 Be7 8. 0-0 0-0 9. a4 Nc6 10. Nb3 b6 11. Nd4 1/2-1/2

[Event "SVK-chT2A 1415"]
[Site "Slovakia"]
[Date "2014.11.08"]
[Round "3.5"]
[White "Fabry, Robert"]
[Black "Horecky, Peter"]
[Result "1-0"]
[WhiteElo "2129"]
[BlackElo "1985"]
[PlyCount "61"]
[EventDate "2014.10.11"]
[EventType "team-tourn"]
[EventRounds "11"]
[EventCountry "SVK"]
[SourceTitle "EXT 2016"]
[Source "ChessBase"]
[SourceDate "2015.10.08"]
[SourceVersion "1"]
[SourceVersionDate "2015.10.08"]
[SourceQuality "1"]
[WhiteTeam "Bratislava DP"]
[BlackTeam "Trnava Modranka"]
[WhiteTeamCountry "SVK"]
[BlackTeamCountry "SVK"]

1. e4 g6 2. d4 Bg7 3. f4 d6 4. Nf3 Nf6 5. Nc3 0-0 6. e5 Nfd7 7. Bc4 Nb6 8. Be2 dxe5 9. dxe5 Nc6 10. Be3 Be6 11. Ng5 Qxd1+ 12. Rxd1 Bc4 13. Bxb6 Bxe2 14. Kxe2 cxb6 15. Rd7 Bh6 16. h4 Rfd8 17. Rhd1 f6 18. exf6 exf6 19. Nge4 Bg7 20. Nd5 f5 21. Ne7+ Kf8 22. Nxc6 Rxd7 23. Rxd7 bxc6 24. Nd6 Bxb2 25. Rxh7 Rd8 26. Nc4 Bg7 27. h5 Rd4 28. Ne3 Rxf4 29. hxg6 Bd4 30. Rf7+ Kg8 31. Nxf5 1-0

[Event "SVK-chT2A 1415"]
[Site "Slovakia"]
[Date "2014.10.11"]
[Round "1.4"]
[White "Fabry, Robert"]
[Black "Pericka, Tomas"]
[Result "1/2-1/2"]
[WhiteElo "2129"]
[BlackElo "2010"]
[PlyCount "40"]
[EventDate "2014.10.11"]
[EventType "team-tourn"]
[EventRounds "11"]
[EventCountry "SVK"]
[SourceTitle "EXT 2016"]
[Source "ChessBase"]
[SourceDate "2015.10.08"]
[SourceVersion "1"]
[SourceVersionDate "2015.10.08"]
[SourceQuality "1"]
[WhiteTeam "Bratislava DP"]
[BlackTeam "Osuske II"]
[WhiteTeamCountry "SVK"]
[BlackTeamCountry "SVK"]

1. Nf3 c5 2. b3 Nc6 3. Bb2 Nf6 4. e3 d6 5. Be2 g6 6. c4 Bg7 7. d3 0-0 8. 0-0 b6 9. a3 Bb7 10. Qc2 e6 11. Rd1 d5 12. cxd5 Nxd5 13. Bxg7 Kxg7 14. Nc3 Nxc3 15. Qxc3+ Qf6 16. Qxf6+ Kxf6 17. d4 cxd4 18. Nxd4 Nxd4 19. Rxd4 Rfd8 20. Rf4+ Ke7 1/2-1/2

[Event "SVK-chT2A 1314"]
[Site "Slovakia"]
[Date "2014.02.23"]
[Round "9.6"]
[White "Fabry, Robert"]
[Black "Helbich, Branislav"]
[Result "1-0"]
[WhiteElo "2132"]
[BlackElo "2050"]
[PlyCount "101"]
[EventDate "2013.10.19"]
[EventType "team-tourn"]
[EventRounds "11"]
[EventCountry "SVK"]
[SourceTitle "EXT 2015"]
[Source "ChessBase"]
[SourceDate "2014.11.20"]
[SourceVersion "1"]
[SourceVersionDate "2014.11.20"]
[SourceQuality "1"]
[WhiteTeam "Bratislava DP"]
[BlackTeam "Bratislava Doprastav III"]
[WhiteTeamCountry "SVK"]
[BlackTeamCountry "SVK"]

1. Nf3 Nf6 2. b3 c5 3. Bb2 e6 4. e3 Be7 5. Be2 Nc6 6. 0-0 0-0 7. c4 Qc7 8. d4 cxd4 9. Nxd4 a6 10. Nc3 Rd8 11. Rc1 b6 12. a3 Bb7 13. b4 Ne5 14. Na4 Rac8 15. c5 bxc5 16. Nxc5 Qb6 17. Nxb7 Qxb7 18. Qa4 Ra8 19. Nxe6 fxe6 20. Bxe5 d6 21. Bf3 Nd5 22. Bd4 Bf6 23. Bxf6 gxf6 24. Qb3 Rac8 25. Rcd1 Kg7 26. Bxd5 exd5 27. Qxd5 Qxd5 28. Rxd5 Kf7 29. Rfd1 Ke6 30. Kf1 Rc2 31. R1d2 Rc3 32. R5d3 Rc1+ 33. Ke2 Rh1 34. h3 Rg1 35. Kf3 Ra1 36. Rc2 a5 37. bxa5 Ra8 38. Rc6 Rxa5 39. Rdxd6+ Ke7 40. Rxf6 R1xa3 41. Rh6 Rf5+ 42. Kg3 Rg5+ 43. Kh2 Kd7 44. Rb6 Kc7 45. Rbf6 Rg7 46. g4 Ra2 47. g5 Kd7 48. h4 Rc2 49. Kg3 Rc3 50. Ra6 Rc7 51. Ra8 1-0

[Event "SVK-chT2A 1314"]
[Site "Slovakia"]
[Date "2014.02.22"]
[Round "8.6"]
[White "Vegh, Vince"]
[Black "Fabry, Robert"]
[Result "0-1"]
[WhiteElo "1938"]
[BlackElo "2132"]
[PlyCount "60"]
[EventDate "2013.10.19"]
[EventType "team-tourn"]
[EventRounds "11"]
[EventCountry "SVK"]
[SourceTitle "EXT 2015"]
[Source "ChessBase"]
[SourceDate "2014.11.20"]
[SourceVersion "1"]
[SourceVersionDate "2014.11.20"]
[SourceQuality "1"]
[WhiteTeam "Potonska Veza"]
[BlackTeam "Bratislava DP"]
[WhiteTeamCountry "SVK"]
[BlackTeamCountry "SVK"]

1. e4 e5 2. Nf3 Nc6 3. Bb5 a6 4. Ba4 Nf6 5. 0-0 Be7 6. Re1 b5 7. Bb3 0-0 8. c3 d5 9. exd5 Nxd5 10. Nxe5 Nxe5 11. Rxe5 c6 12. d4 Bd6 13. Re1 Qh4 14. g3 Qh3 15. Be3 Bg4 16. Qd3 Rae8 17. Nd2 Re6 18. Qf1 Qh5 19. a4 f5 20. Bxd5 cxd5 21. f4 bxa4 22. Rxa4 Qe8 23. Bf2 Rxe1 24. Qxe1 Qxa4 25. Qe6+ Kh8 26. Qxd6 Re8 27. Qxd5 Qd1+ 28. Nf1 Bh3 29. Qc4 h6 30. Qxa6 Re2 0-1

[Event "SVK-chT2A 1314"]
[Site "Slovakia"]
[Date "2014.01.11"]
[Round "5.6"]
[White "Vrtiakova, Anna"]
[Black "Fabry, Robert"]
[Result "0-1"]
[WhiteElo "1788"]
[BlackElo "2132"]
[PlyCount "90"]
[EventDate "2013.10.19"]
[EventType "team-tourn"]
[EventRounds "11"]
[EventCountry "SVK"]
[SourceTitle "EXT 2015"]
[Source "ChessBase"]
[SourceDate "2014.11.20"]
[SourceVersion "1"]
[SourceVersionDate "2014.11.20"]
[SourceQuality "1"]
[WhiteTeam "Bratislava KSN"]
[BlackTeam "Bratislava DP"]
[WhiteTeamCountry "SVK"]
[BlackTeamCountry "SVK"]

1. e4 e5 2. Nf3 Nc6 3. Nc3 Nf6 4. Bb5 d6 5. d4 exd4 6. Qxd4 Bd7 7. Bxc6 Bxc6 8. Bg5 Be7 9. 0-0-0 0-0 10. Rhe1 Nd7 11. Bxe7 Qxe7 12. Nd5 Bxd5 13. Qxd5 Rab8 14. e5 Nb6 15. Qd4 d5 16. Qg4 Qe6 17. Qxe6 fxe6 18. Re2 c5 19. c3 h6 20. b3 Nd7 21. Nh4 g5 22. Nf3 Rf5 23. h3 Rbf8 24. Kb2 h5 25. Rf1 Kg7 26. Kc2 g4 27. hxg4 hxg4 28. Nh2 Nxe5 29. f4 gxf3 30. Nxf3 Nxf3 31. Rxf3 Rxf3 32. gxf3 Kf6 33. Rh2 Rg8 34. Rh7 Rg2+ 35. Kb1 Rg7 36. Rh8 e5 37. Kc2 Rg2+ 38. Kb1 e4 39. fxe4 dxe4 40. Re8 Kf5 41. a4 Kf4 42. Kc1 e3 43. Kd1 Kf3 44. Rf8+ Ke4 45. Re8+ Kd3 0-1

[Event "SVK-chT2A 1213"]
[Site "Slovakia"]
[Date "2013.03.17"]
[Round "11.4"]
[White "Jablonicky, Frantisek"]
[Black "Fabry, Robert"]
[Result "1/2-1/2"]
[WhiteElo "2173"]
[BlackElo "2165"]
[PlyCount "59"]
[EventDate "2012.10.13"]
[EventType "team-tourn"]
[EventRounds "11"]
[EventCountry "SVK"]
[SourceTitle "EXT 2015"]
[Source "ChessBase"]
[SourceDate "2014.11.20"]
[SourceVersion "1"]
[SourceVersionDate "2014.11.20"]
[SourceQuality "1"]
[WhiteTeam "Dunajska Streda II"]
[BlackTeam "Bratislava DP"]
[WhiteTeamCountry "SVK"]
[BlackTeamCountry "SVK"]

1. Nf3 Nf6 2. d4 d5 3. c4 e6 4. g3 c5 5. Bg2 cxd4 6. cxd5 Bb4+ 7. Bd2 Bxd2+ 8. Qxd2 Qxd5 9. Qxd4 Nc6 10. Qxd5 Nxd5 11. 0-0 0-0 12. Rc1 Bd7 13. Nc3 Nxc3 14. Rxc3 Rfc8 15. Rd1 Be8 16. Rdc1 Rd8 17. Rc5 Kf8 18. Kf1 Rd6 19. Ke1 Rad8 20. a3 b6 21. R5c2 Na5 22. Rd2 Rxd2 23. Nxd2 Rxd2 24. Kxd2 Nb3+ 25. Kd1 Nxc1 26. Kxc1 Ke7 27. Kd2 Kd6 28. Kc3 Bc6 29. Bxc6 Kxc6 30. Kd4 1/2-1/2

[Event "SVK-chT2A 1213"]
[Site "Slovakia"]
[Date "2013.02.17"]
[Round "9.5"]
[White "Hecko, Dusan"]
[Black "Fabry, Robert"]
[Result "1/2-1/2"]
[WhiteElo "2073"]
[BlackElo "2165"]
[PlyCount "28"]
[EventDate "2012.10.13"]
[EventType "team-tourn"]
[EventRounds "11"]
[EventCountry "SVK"]
[SourceTitle "EXT 2015"]
[Source "ChessBase"]
[SourceDate "2014.11.20"]
[SourceVersion "1"]
[SourceVersionDate "2014.11.20"]
[SourceQuality "1"]
[WhiteTeam "Osuske II"]
[BlackTeam "Bratislava DP"]
[WhiteTeamCountry "SVK"]
[BlackTeamCountry "SVK"]

1. c4 Nf6 2. Nc3 d5 3. cxd5 Nxd5 4. g3 g6 5. Bg2 Nb6 6. Nf3 Bg7 7. 0-0 e5 8. d3 0-0 9. Bg5 Qd7 10. Qd2 Nc6 11. Bh6 Qe7 12. Bxg7 Kxg7 13. Rac1 Rd8 14. Ne4 Nd4 1/2-1/2

[Event "SVK-chT2A 1213"]
[Site "Slovakia"]
[Date "2013.02.16"]
[Round "8.6"]
[White "Sustak, Roman"]
[Black "Fabry, Robert"]
[Result "0-1"]
[WhiteElo "1917"]
[BlackElo "2165"]
[PlyCount "84"]
[EventDate "2012.10.13"]
[EventType "team-tourn"]
[EventRounds "11"]
[EventCountry "SVK"]
[SourceTitle "EXT 2015"]
[Source "ChessBase"]
[SourceDate "2014.11.20"]
[SourceVersion "1"]
[SourceVersionDate "2014.11.20"]
[SourceQuality "1"]
[WhiteTeam "Modra II"]
[BlackTeam "Bratislava DP"]
[WhiteTeamCountry "SVK"]
[BlackTeamCountry "SVK"]

1. d4 c5 2. d5 b5 3. e4 a6 4. Nf3 d6 5. b3 Nf6 6. Nbd2 e5 7. dxe6 Bxe6 8. c4 bxc4 9. Bxc4 Bxc4 10. Nxc4 Be7 11. 0-0 0-0 12. Bb2 Ne8 13. Re1 Nc6 14. Qe2 a5 15. Rad1 a4 16. bxa4 Rxa4 17. Qc2 Ra6 18. a3 Qa8 19. Re3 Na5 20. Nfd2 Nxc4 21. Nxc4 Qc8 22. f4 Qa8 23. Qe2 Qb7 24. Qg4 Bf6 25. e5 dxe5 26. fxe5 Be7 27. Rd7 Rg6 28. Qxg6 Qxd7 29. Qd3 Qe6 30. a4 Nc7 31. Qf1 Nd5 32. Rd3 Nb6 33. Nxb6 Qxb6 34. Qc1 c4+ 35. Bd4 Qe6 36. Rc3 Rc8 37. Qe3 Qd5 38. Rc2 Rd8 39. Rd2 Bc5 40. Bxc5 Qxd2 41. Qe4 Qd5 42. Qe3 Qd1+ 0-1

[Event "SVK-chT2A 1213"]
[Site "Slovakia"]
[Date "2012.12.15"]
[Round "5.6"]
[White "Sklars, Tomas"]
[Black "Fabry, Robert"]
[Result "1-0"]
[WhiteElo "2003"]
[BlackElo "2165"]
[PlyCount "59"]
[EventDate "2012.10.13"]
[EventType "team-tourn"]
[EventRounds "11"]
[EventCountry "SVK"]
[SourceTitle "EXT 2015"]
[Source "ChessBase"]
[SourceDate "2014.11.20"]
[SourceVersion "1"]
[SourceVersionDate "2014.11.20"]
[SourceQuality "1"]
[WhiteTeam "Bratislava KSN"]
[BlackTeam "Bratislava DP"]
[WhiteTeamCountry "SVK"]
[BlackTeamCountry "SVK"]

1. e4 e5 2. Nf3 Nc6 3. Bc4 Nf6 4. d4 exd4 5. 0-0 Be7 6. Re1 d6 7. Nxd4 0-0 8. Nc3 Ne5 9. Be2 c5 10. Nb3 Be6 11. f4 Nc6 12. Bf3 a6 13. Be3 Rc8 14. Nd5 Bxd5 15. exd5 Nb8 16. g4 Ne8 17. g5 f6 18. h4 g6 19. Bd2 Ng7 20. Bg4 f5 21. Bf3 Qd7 22. Kg2 Kf7 23. h5 Rh8 24. Bc3 h6 25. Bxg7 Kxg7 26. Re6 gxh5 27. Qe1 Kf8 28. g6 Re8 29. Bxh5 Kg7 30. Qc3+ 1-0

[Event "SVK-chT2A 1213"]
[Site "Slovakia"]
[Date "2012.10.13"]
[Round "1.6"]
[White "Sosovicka, Juraj"]
[Black "Fabry, Robert"]
[Result "1-0"]
[WhiteElo "2089"]
[BlackElo "2165"]
[PlyCount "69"]
[EventDate "2012.10.13"]
[EventType "team-tourn"]
[EventRounds "11"]
[EventCountry "SVK"]
[SourceTitle "EXT 2015"]
[Source "ChessBase"]
[SourceDate "2014.11.20"]
[SourceVersion "1"]
[SourceVersionDate "2014.11.20"]
[SourceQuality "1"]
[WhiteTeam "Devinska Nova Ves"]
[BlackTeam "Bratislava DP"]
[WhiteTeamCountry "SVK"]
[BlackTeamCountry "SVK"]

1. d4 Nf6 2. c4 e6 3. Nc3 d5 4. Bg5 Nbd7 5. Nf3 c6 6. e3 Qa5 7. Nd2 Bb4 8. Qc2 Ne4 9. Ncxe4 dxe4 10. Bh4 c5 11. a3 Bxd2+ 12. Qxd2 Qxd2+ 13. Kxd2 f6 14. b4 b6 15. Rb1 Ke7 16. Be2 Ba6 17. f3 exf3 18. Bxf3 Rad8 19. Kc3 e5 20. dxc5 bxc5 21. Rhd1 g5 22. Bf2 f5 23. e4 Rc8 24. exf5 cxb4+ 25. Rxb4 Rc7 26. Bd5 Nf6 27. Ra4 Bb5 28. Rxa7 Rhc8 29. Bc5+ Ke8 30. Rxc7 Rxc7 31. Kb4 Bc6 32. Bxc6+ Rxc6 33. Rd6 Rxd6 34. Bxd6 e4 35. c5 1-0

[Event "SVK-chT2A 1112"]
[Site "Slovakia"]
[Date "2012.02.26"]
[Round "11.3"]
[White "Hertel, Ondrej"]
[Black "Fabry, Robert"]
[Result "1/2-1/2"]
[WhiteElo "2073"]
[BlackElo "2177"]
[PlyCount "71"]
[EventDate "2011.10.08"]
[EventType "team-tourn"]
[EventRounds "11"]
[EventCountry "SVK"]
[SourceTitle "EXT 2013"]
[Source "ChessBase"]
[SourceDate "2012.11.22"]
[SourceVersion "1"]
[SourceVersionDate "2012.11.22"]
[SourceQuality "1"]
[WhiteTeam "Trnava Lokomotiva II"]
[BlackTeam "Bratislava Doprastav"]
[WhiteTeamCountry "SVK"]
[BlackTeamCountry "SVK"]

1. d4 d5 2. Nf3 Nf6 3. Bf4 e6 4. e3 Bd6 5. Bg3 c5 6. c3 Nc6 7. Nbd2 0-0 8. Bd3 Qc7 9. Qe2 c4 10. Bc2 b5 11. a3 a5 12. Bxd6 Qxd6 13. 0-0 Bb7 14. e4 dxe4 15. Nxe4 Nxe4 16. Bxe4 Nd8 17. Bxb7 Nxb7 18. Qe5 Qxe5 19. Nxe5 Rac8 20. Rfe1 Rfd8 21. h3 f6 22. Nf3 Kf7 23. Re2 Re8 24. Rae1 Rc7 25. g3 Rce7 26. Kg2 Nd8 27. h4 Nc6 28. Re3 e5 29. dxe5 Nxe5 30. Nxe5+ Rxe5 31. Rxe5 Rxe5 32. Rxe5 fxe5 33. Kf3 Ke6 34. Ke4 h5 35. f4 exf4 36. Kxf4 1/2-1/2

[Event "SVK-chT2A 1112"]
[Site "Slovakia"]
[Date "2012.02.25"]
[Round "10.4"]
[White "Spacek, Oliver"]
[Black "Fabry, Robert"]
[Result "0-1"]
[WhiteElo "1907"]
[BlackElo "2177"]
[PlyCount "58"]
[EventDate "2011.10.08"]
[EventType "team-tourn"]
[EventRounds "11"]
[EventCountry "SVK"]
[SourceTitle "EXT 2013"]
[Source "ChessBase"]
[SourceDate "2012.11.22"]
[SourceVersion "1"]
[SourceVersionDate "2012.11.22"]
[SourceQuality "1"]
[WhiteTeam "Osuske II"]
[BlackTeam "Bratislava Doprastav"]
[WhiteTeamCountry "SVK"]
[BlackTeamCountry "SVK"]

1. d4 Nf6 2. c4 e6 3. g3 c5 4. d5 exd5 5. cxd5 d6 6. Bg2 g6 7. Nf3 Bg7 8. 0-0 0-0 9. Nc3 Re8 10. Nd2 Na6 11. Re1 Nc7 12. a4 Rb8 13. Nc4 Rf8 14. h3 Nfe8 15. e4 h6 16. f4 f6 17. Qd3 b6 18. Be3 Ba6 19. Rad1 Qd7 20. e5 fxe5 21. fxe5 dxe5 22. d6 Ne6 23. Nb5 Nd4 24. Bxd4 exd4 25. Bd5+ Kh7 26. g4 Qd8 27. Re6 Nf6 28. Be4 Nxe4 29. Qxe4 Qg5 0-1